000 01610cam a2200385 a 4500
999 _c21491
_d21491
001 16435514
003 OSt
005 20200609121032.0
008 100827s2010 ii b 000 0 eng
010 _a 2010327436
020 _a9780198066927
020 _a0198066929
025 _aI-E-2010-327436; 61-92; 56-92
037 _bLibrary of Congress -- New Delhi Overseas Office
040 _aDLC
_coclc
_dDLC
042 _alcode
_apcc
043 _aa-ii---
050 0 0 _aDS463
_b.H48 2010
082 _a320.540954
_bBHA/H
100 _92671
_aBhagavan, Manu
245 0 0 _aHeterotopias :
_bNationalism and the possibility of history in South Asia /
_cManu Bhagavan
246 3 0 _aNationalism and the possibility of history in South Asia
260 _aNew Delhi :
_bOxford University Press,
_c2010.
300 _a203 p
504 _aIncludes bibliographical references.
520 _aPapers presented at a conference held at Indian University in February 2003.
650 0 _aNationalism in literature
_vCongresses.
700 1 _aBhagavan, Manu Belur,
_d1970-
856 4 1 _3Table of contents only
_uhttp://www.loc.gov/catdir/enhancements/fy1108/2010327436-t.html
856 4 2 _3Publisher description
_uhttp://www.loc.gov/catdir/enhancements/fy1108/2010327436-d.html
856 4 2 _3Contributor biographical information
_uhttp://www.loc.gov/catdir/enhancements/fy1108/2010327436-b.html
906 _a7
_bcbc
_corigode
_d3
_encip
_f20
_gy-gencatlg
942 _2ddc
_cBK
_h320.540954
_iBHA/H
_k320.540954
_mBHA/H